| 000 | 00709nam a22002177a 4500 | ||
|---|---|---|---|
| 999 |
_c20051 _d20051 |
||
| 003 | OSt | ||
| 005 | 20210119091638.0 | ||
| 008 | 161124b xxu||||| |||| 00| 0 eng d | ||
| 020 | _a9781860724008 | ||
| 040 |
_aMMU _beng _cMMU _eMMU |
||
| 042 | _apcc | ||
| 050 | 0 | 0 |
_aHD60 _b.H685 2008 |
| 100 | 1 |
_aHoskins, Tony, _eauthor. |
|
| 245 | 1 | 0 |
_aCorporate social responsibility handbook : _bmaking CSR and narrative reporting work for your business / _cTony Hoskins. |
| 250 | _a2nd edition. | ||
| 264 | 1 |
_aLondon : _bICSA Publishing, _c2008 |
|
| 300 |
_a295 p. : _bill, ; _c24 cm |
||
| 500 | _aIncludes bibliographical references and index. | ||
| 650 | 0 | _aSocial responsibility of business. | |
| 942 |
_2lcc _cLOAN LOAN |
||